000 00724nam a2200229 i 4500
001 16820
003 ES-MaACL
005 20230906151413.0
007 t|
008 001110s1990 sp a |||| | spa d
080 _a75 Gudiol, Montserrat (064.3)
100 1 _aGudiol, Montserrat.
_960393
245 1 0 _aMontserrat Gudiol
_b: Pintures, dibuixos, aiguaforts : abril-maig 1990.
260 _aBarcelona :
_bSala Gaspar,
_c1990.
300 _a[50] p. :
_bprincipalmente il. ;
_c23 cm.
600 1 4 _aGudiol, Montserrat-
_vExposiciones.
_960394
655 7 _2tgfbne
_9193628
_aCatálogos de exposiciones
710 2 _aSala Gaspar.
_96478
852 _aES-MaACL
_jG-3944
942 _2udc
999 _c16820
_d16820